|
|
|
|
| LEADER |
00000naa2a2200000 4500 |
| 001 |
401986 |
| 005 |
20231101065640.0 |
| 035 |
|
|
|a (RuTPU)RU\TPU\prd\46568
|
| 090 |
|
|
|a 401986
|
| 100 |
|
|
|a 20061005a2006 k y0rusy50 ca
|
| 101 |
0 |
|
|a rus
|
| 102 |
|
|
|a RU
|
| 200 |
1 |
|
|a Документирование и интерпретация результатов дефектоскопии канатов в России и за рубежом
|f О. Гронау [и др.]
|
| 225 |
1 |
|
|a Контроль канатов
|
| 320 |
|
|
|a Библиогр.: 4 назв.
|
| 461 |
|
0 |
|0 (RuTPU)RU\TPU\prd\1155
|x 1609-3178
|t В мире неразрушающего контроля
|o Ежеквартальное журнальное обозрение
|d 2001-
|
| 463 |
|
0 |
|0 (RuTPU)RU\TPU\prd\45914
|t № 2
|v С. 25-29
|d 2006
|
| 610 |
1 |
|
|a документирование
|
| 610 |
1 |
|
|a интерпретация
|
| 610 |
1 |
|
|a дефектоскопия
|
| 610 |
1 |
|
|a канаты
|
| 610 |
1 |
|
|a результаты контроля
|
| 610 |
1 |
|
|a неразрушающий контроль
|
| 610 |
1 |
|
|a дефектоскопы
|
| 610 |
1 |
|
|a потери сечения
|
| 610 |
1 |
|
|a локальные дефекты
|
| 610 |
1 |
|
|a браковочные критерии
|
| 610 |
1 |
|
|a отчеты
|
| 610 |
1 |
|
|a подвесные канатные дороги
|
| 701 |
|
1 |
|a Гронау
|b О.
|
| 701 |
|
1 |
|a Руссольд
|b А.
|
| 701 |
|
1 |
|a Белицкий
|b С. Б.
|
| 701 |
|
1 |
|a Сухоруков
|b В. В.
|
| 701 |
|
1 |
|a Шпаков
|b И. И.
|
| 801 |
|
1 |
|a RU
|b 63413507
|c 20061005
|g PSBO
|
| 942 |
|
|
|c BK
|